|
|
|
|
| LEADER |
00000cam a22000004a 4500 |
| 001 |
musev2_4936 |
| 003 |
MdBmJHUP |
| 005 |
20230905040609.0 |
| 006 |
m o d |
| 007 |
cr||||||||nn|n |
| 008 |
040511s2005 nyu o 00 0 eng d |
| 010 |
|
|
|z 2004011172
|
| 020 |
|
|
|a 9780791483367
|
| 020 |
|
|
|z 0791464296
|
| 020 |
|
|
|z 9780791464298
|
| 035 |
|
|
|a (OCoLC)63271587
|
| 040 |
|
|
|a MdBmJHUP
|c MdBmJHUP
|
| 050 |
0 |
4 |
|a B2799.E8
|b R647 2005
|
| 082 |
0 |
|
|a 170/.92
|2 22
|
| 100 |
1 |
|
|a Rossi, Philip J.
|
| 245 |
1 |
4 |
|a Social Authority of Reason, The :
|b Kant's Critique, Radical Evil, and the Destiny of Humankind /
|c Philip J. Rossi.
|
| 264 |
|
1 |
|a Albany :
|b State University of New York Press,
|c 2005.
|
| 264 |
|
3 |
|a Baltimore, Md. :
|b Project MUSE,
|c 2012
|
| 264 |
|
4 |
|c ©2005.
|
| 300 |
|
|
|a 1 online resource (218 pages).
|
| 336 |
|
|
|a text
|b txt
|2 rdacontent
|
| 337 |
|
|
|a computer
|b c
|2 rdamedia
|
| 338 |
|
|
|a online resource
|b cr
|2 rdacarrier
|
| 504 |
|
|
|a Includes bibliographical references (p. 173-189) and index.
|
| 588 |
|
|
|a Description based on print version record.
|
| 600 |
1 |
0 |
|a Kant, Immanuel,
|d 1724-1804.
|
| 650 |
|
0 |
|a Social ethics.
|
| 650 |
|
0 |
|a Good and evil.
|
| 655 |
|
7 |
|a Electronic books.
|2 local
|
| 710 |
2 |
|
|a Project Muse.
|e distributor
|
| 830 |
|
0 |
|a Book collections on Project MUSE.
|
| 856 |
4 |
0 |
|z Texto completo
|u https://projectmuse.uam.elogim.com/book/4936/
|
| 945 |
|
|
|a Project MUSE - Custom Collection
|
| 945 |
|
|
|a Project MUSE - Archive Complete Foundation
|
| 945 |
|
|
|a Project MUSE - Archive Philosophy and Religion Foundation
|